| 000 | 00582cam a22001932 4500 | ||
|---|---|---|---|
| 001 | 0000008517 | ||
| 005 | 20151217152035.0 | ||
| 008 | 080418s xx 000 0 eng d | ||
| 020 |
_a1856842002 : _cKES 730 |
||
| 040 |
_aKABU _cKABU |
||
| 100 | 1 |
_aCoffey, David. _@0000159146 |
|
| 245 | 1 | 0 |
_aRomans : _bCrossway Bible guide / _cDavid Coffey. |
| 260 |
_aLeicester, England : _bCrossway Books, _c2000. |
||
| 300 | _a236 p. | ||
| 650 | 0 |
_aBible.N. T. Romans _xStudy and teaching. _@0000159147 |
|
| 908 | _a080418 | ||
| 950 | _@1 | ||
| 999 |
_c7614 _d7614 |
||